000
00334 a2200145 4500
001
155929
040
_c
Escola São Tomás de Aquino
100
_a
CARRARO, Fernando
240
1
0
_a
A parábola do planeta azul
_l
por
245
1
0
_a
A parábola do planeta azul
300
_a
30
362
0
_a
1999
697
_a
CIÊNCIAS
942
_c
BK
999
_c
155929
_d
155929